| 000 | 00509cam a22002174a 4500 | ||
|---|---|---|---|
| 005 | 20250605164321.0 | ||
| 008 | 250528s ||||||||||||||||||||||||d | ||
| 035 | _a22911 | ||
| 020 | _a9780720121643 | ||
| 040 |
_aGR-AtMCL _bgre _dGR-AtMCL _eAACR2 |
||
| 245 | 1 | _aPERSPECTIVES ON TOURISM POLICY | |
| 250 | _a1 | ||
| 260 | _c1992 | ||
| 300 | _a240 | ||
| 700 | 1 |
_aJohnson Peter _93367 |
|
| 700 | 1 |
_aMansell _93368 |
|
| 700 | 1 |
_aThomas Barry _93369 |
|
| 942 | _cBK | ||
| 999 |
_c7954 _d7954 |
||